LEADER 01019nam0-2200301 --450 001 9910309555203321 005 20190219160729.0 010 $a978-88-8450-785-3 100 $a20190219d2017----kmuy0itay5050 ba 101 0 $aita 102 $aIT 105 $a 001yy 200 1 $aMoribus antiquis sibi me fecere poetam$eAlbertino Mussato nel 7. centenario dell'incoronazione poetica (Padova 1315-2015)$fa cura di Rino Modonutti e Enrico Zucchi 210 $aFirenze$cSISMEL Edizioni del Galluzzo$d2017 215 $aXX, 287 p.$d24 cm 225 1 $aMediEVI$v17 300 $aAtti del Convegno tenuto a Padova nel 2015 610 0 $aMussato, Albertino$aAtti di congressi 676 $a852.1$v23 702 1$aModonutti,$bRino 702 1$aZucchi,$bEnrico$f<1989-> 801 0$aIT$bUNINA$gREICAT$2UNIMARC 901 $aBK 912 $a9910309555203321 952 $aP2B 680 MODONUTTI R. 2015$bBIBL. 2019$fFLFBC 959 $aFLFBC 996 $aMoribus antiquis sibi me fecere poetam$91545783 997 $aUNINA LEADER 01057nam a2200265 i 4500 001 991002584329707536 005 20020503170942.0 008 010315s1962 de ||| | ger 035 $ab10385666-39ule_inst 035 $aEXGIL106412$9ExL 040 $aBiblioteca Interfacoltà$bita 082 0 $a927.9 100 1 $aIhering, Herbert$0314682 245 10$aEduard von Winterstein /$cHerbert Ihering, Eva Wisten 260 $aBerlin :$bHenschelverlag,$c1962 300 $a75 p. :$bill, 1 ritr. ;$c22 cm. 490 0 $aVeröffentlichung der Deutschen Akademie der Künste zu Berlin. Theater und Film ;$v1 650 4$aWangenheim, Eduard, Freiherr von 700 1 $aWisten, Eva$eauthor$4http://id.loc.gov/vocabulary/relators/aut$0733420 907 $a.b10385666$b21-02-17$c27-06-02 912 $a991002584329707536 945 $aLE002 Busta C 79 10$g1$i2002000787743$lle002$o-$pE0.00$q-$rl$s- $t0$u0$v0$w0$x0$y.i10450658$z27-06-02 996 $aEduard von Winterstein$91445778 997 $aUNISALENTO 998 $ale002$b01-01-01$cm$da $e-$fger$gde $h0$i1